|
|
|
|
| LEADER |
00791ncm a22002172a 4500 |
| 001 |
001136667 |
| 003 |
CZ BrMZK |
| 005 |
20110916071947.0 |
| 007 |
qu |
| 008 |
110126s1907 gw |||||||||||||||||ger d |
| 040 |
|
|
|a BOA001
|b cze
|
| 072 |
|
7 |
|a 784
|x Vokální hudba
|2 Konspekt
|9 9
|
| 100 |
1 |
|
|a Strauss, Richard,
|d 1864-1949
|7 jn20000605184
|4 cmp
|
| 245 |
1 |
0 |
|a Zueignung, Op. 10, No 1
|h [hudebnina] :
|b ein Lied für hohe Stimme mit Klavierbegleitung /
|c Richard Strauss ; Text von Hermann v. Gilm
|
| 260 |
|
|
|a Leipzig :
|b Breitkopf & Härtel,
|c 1907
|
| 300 |
|
|
|a 3 s.
|
| 700 |
1 |
|
|a Gilm, Hermann von,
|d 1812-1864
|7 mzk2010583654
|4 lyr
|
| 910 |
|
|
|a BOA001
|b Mus4-0256.630
|
| 990 |
|
|
|a MU
|
| 991 |
|
|
|b 201101
|
| 996 |
6 |
|
|b 2619499929
|c Mus4-0256.630
|l MZK
|r Sklad / do 1 hodiny
|n 0
|w 001166723
|u 000010
|a 1
|e BOA001
|j MZK50
|s P
|